Modificación y subsanación de las ofertas presentadas en los procedimientos de selección de las contrataciones estatales (Registro nro. 16773)
[ vista simple ]
| 000 -LEADER | |
|---|---|
| fixed length control field | 00400 a2200109 4500 |
| 001 - CONTROL NUMBER | |
| control field | ART_17790 |
| 005 - DATE AND TIME OF LATEST TRANSACTION | |
| control field | 20260410161719.0 |
| 008 - FIXED-LENGTH DATA ELEMENTS--GENERAL INFORMATION | |
| fixed length control field | 260409a |
| 100 1# - MAIN ENTRY--PERSONAL NAME | |
| Personal name | Calonje, Diego |
| 245 10 - TITLE STATEMENT | |
| Title | Modificación y subsanación de las ofertas presentadas en los procedimientos de selección de las contrataciones estatales |
| 773 0# - HOST ITEM ENTRY | |
| Title | Derecho administrativo |
| Related parts | - Nº 84 (dic. 2012) |
| Record control number | REV1721 |
No hay ítems disponibles.